| 000 -ლიდერი |
| ფიქსირებული სიგრძის საკონტროლო ველი |
00982nam a2200205Ia 4500 |
| 001 - საკონტროლო ნომერი |
| საკონტროლო ველი |
3975 |
| 003 - საკონტროლო ნომრის იდენტიფიკატორი |
| საკონტროლო ველი |
GE_BSU |
| 005 - ბოლო ოპერაციის თარიღი და დრო |
| საკონტროლო ველი |
20190902172503.0 |
| 008 - ფიქსირებული სიგრძის მონაცემთა ელემენტები - ზოგადი ინფორმაცია |
| ფიქსირებული სიგრძის საკონტროლო ველი |
181216s1977||||ge |||||||||||||| ||geo|| |
| 040 ## - კატალოგიზაციის წყარო |
| Transcribing agency |
GE_BSU |
| 041 ## - ენის კოდი |
| Language code of text/sound track or separate title |
geo |
| 080 ## - უნივერსალური ათობითი კლასიფიკაციის ინდექსი |
| Universal Decimal Classification number |
33(479.22)+91(479.22) ს–32 |
| 245 ## - ცნობა სათაურის შესახებ |
| Title |
საქართველოს აღმოსავლეთი ეკონომიური რაიონი / |
| Statement of responsibility, etc |
რედ. გ. გველესიანი, ვ. ჯაოშვილი; ვახუშტის სახ. გეოგრაფიის ინ–ტი. |
| 264 ## - წარმოების, გამოცემის, დისტრიბუციის და სხვა ცნობები |
| გამოცემის, წარმოების, დისტრიბუციის... ადგილი |
თბ. : |
| გამოცემის, წარმოების, დისტრიბუციის... სახელწოდება |
მეცნიერება, |
| გამოცემის, წარმოების, დისტრიბუციის... თარიღი |
1977. |
| 300 ## - ფიზიკური აღწერა |
| Extent |
204 გვ. ; |
| Other physical details |
21 სმ. |
| 653 ## - INDEX TERM--UNCONTROLLED |
| Uncontrolled term |
საქართველოს ეკონომიკური გეოგრაფია |
| 700 ## - ADDED ENTRY--PERSONAL NAME |
| Personal name |
გველესიანი, გ. |
| Relator term |
რედაქტორი |
| 9 (RLIN) |
2869 |
| 700 ## - ADDED ENTRY--PERSONAL NAME |
| Personal name |
ჯაოშვილი, ვ. |
| Relator term |
რედაქტორი |
| 9 (RLIN) |
3873 |
| 942 ## - ADDED ENTRY ELEMENTS (KOHA) |
| Koha item type |
წიგნი |
| Source of classification or shelving scheme |
|